[Event "Vienna op"]
[Site "Vienna"]
[Date "2019.08.19"]
[Round "4"]
[White "Froewis, Georg"]
[Black "Ilic, Zoran S"]
[Result "1-0"]
[WhiteElo "2429"]
[BlackElo "2295"]
[PlyCount "87"]
[EventDate "2019.08.17"]
[EventType "swiss"]
[EventRounds "9"]
[EventCountry "AUT"]
[SourceTitle "EXT 2020"]
[Source "ChessBase"]
[SourceDate "2019.10.17"]
[SourceVersion "1"]
[SourceVersionDate "2019.10.17"]
[SourceQuality "1"]

1. c4 Nf6 2. Nf3 g6 3. Nc3 Bg7 4. e4 d6 5. d4 0-0 6. Be2 c5 7. 0-0 Nc6 8. d5 Na5 9. Bf4 Nh5 10. Bd2 e5 11. a3 b6 12. b4 Nb7 13. Ne1 Nf6 14. Nd3 Ne8 15. Rb1 Bd7 16. Kh1 Rc8 17. Qb3 cxb4 18. axb4 a5 19. Be3 f5 20. f3 Nf6 21. c5 bxc5 22. bxc5 Nxc5 23. Nxc5 dxc5 24. Qa3 c4 25. Bb6 Qe8 26. Bc5 Rf7 27. Bxc4 Bf8 28. d6 Be6 29. Nd5 Bxd5 30. Bxd5 Nxd5 31. exd5 Rd7 32. Rfe1 Qd8 33. Rb6 Qf6 34. Rc6 Rcd8 35. Bb6 Re8 36. Qa4 Kf7 37. Rc7 Rxc7 38. dxc7 Qxb6 39. Qxe8+ Kxe8 40. c8Q+ Kf7 41. Qc6 Qxc6 42. dxc6 Bd6 43. Rc1 Bc7 44. Rd1 1-0

[Event "Lisbon Portugal op"]
[Site "Lisbon"]
[Date "2019.02.08"]
[Round "8"]
[White "Ilic, Zoran S"]
[Black "Aflalo, Sophie"]
[Result "1-0"]
[WhiteElo "2302"]
[BlackElo "2091"]
[PlyCount "57"]
[EventDate "2019.02.02"]
[EventType "swiss"]
[EventRounds "9"]
[EventCountry "POR"]
[SourceTitle "CBM 188 Extra"]
[Source "ChessBase"]
[SourceDate "2019.02.26"]
[SourceVersion "1"]
[SourceVersionDate "2019.02.26"]
[SourceQuality "1"]

1. d4 Nf6 2. Nf3 g6 3. c4 Bg7 4. g3 d6 5. Bg2 0-0 6. 0-0 Nbd7 7. Nc3 e5 8. e4 c6 9. b3 Qe7 10. h3 a5 11. Re1 Re8 12. Bb2 h5 13. Qd2 exd4 14. Nxd4 Nc5 15. Rad1 Nfd7 16. f4 Nb6 17. Bf1 h4 18. g4 a4 19. b4 Ne6 20. Nf5 gxf5 21. exf5 Qf6 22. fxe6 Bxe6 23. Nxa4 Qg6 24. Nxb6 Rxa2 25. f5 Qh7 26. Rb1 Bh6 27. Qd4 c5 28. Qf6 Bd2 29. fxe6 1-0

[Event "Pardubice Czech op-A 29th"]
[Site "Pardubice"]
[Date "2018.07.27"]
[Round "8"]
[White "Kukelko, Alexey"]
[Black "Ilic, Zoran S"]
[Result "0-1"]
[WhiteElo "2196"]
[BlackElo "2303"]
[PlyCount "98"]
[EventDate "2018.07.20"]
[EventType "swiss"]
[EventRounds "9"]
[EventCountry "CZE"]
[SourceTitle "CBM 185 Extra"]
[Source "ChessBase"]
[SourceDate "2018.07.29"]
[SourceVersion "1"]
[SourceVersionDate "2018.07.29"]
[SourceQuality "1"]

1. e4 c5 2. Nf3 Nc6 3. Nc3 e6 4. d4 cxd4 5. Nxd4 Qc7 6. Be3 a6 7. Qf3 Nf6 8. 0-0-0 h5 9. Nxc6 dxc6 10. Qg3 Qa5 11. Bd4 h4 12. Qd3 Be7 13. f4 b5 14. Qe3 Qc7 15. Be5 Qa7 16. Qe1 Bb7 17. Bd6 Ng4 18. Bxe7 Kxe7 19. Rd2 Qe3 20. Qxe3 Nxe3 21. Bd3 c5 22. h3 c4 23. Re1 cxd3 24. Rxe3 dxc2 25. a3 Rhd8 26. Kxc2 Rxd2+ 27. Kxd2 Rd8+ 28. Ke2 Rd4 29. g3 b4 30. axb4 Rxb4 31. gxh4 Rxb2+ 32. Kf1 a5 33. Rg3 Rc2 34. h5 Bc6 35. Ke1 a4 36. Kd1 Rh2 37. Kc1 Rf2 38. Rxg7 Rxf4 39. Rg4 Rf3 40. Kc2 Rxh3 41. Rg5 Re3 42. Rg4 Rh3 43. Rg5 Kd6 44. Nb5+ Bxb5 45. Rxb5 a3 46. Ra5 f6 47. Kd2 a2 48. Kc1 Rxh5 49. Rxa2 Rh1+ 0-1

[Event "SRB-ch sf"]
[Site "Zrenjanin"]
[Date "2018.02.17"]
[Round "2"]
[White "Ilic, Zoran S"]
[Black "Jovanovic, Sasa T"]
[Result "0-1"]
[WhiteElo "2313"]
[BlackElo "2214"]
[PlyCount "80"]
[EventDate "2018.02.16"]
[EventType "swiss"]
[EventRounds "9"]
[EventCountry "SRB"]
[SourceTitle "CBM 183 Extra"]
[Source "ChessBase"]
[SourceDate "2018.04.19"]
[SourceVersion "1"]
[SourceVersionDate "2018.04.19"]
[SourceQuality "1"]

1. Nf3 d5 2. d4 Nf6 3. c4 e6 4. g3 c5 5. cxd5 exd5 6. Bg2 Nc6 7. 0-0 Be7 8. Nc3 0-0 9. dxc5 d4 10. Na4 Bf5 11. Bf4 Be4 12. Rc1 h6 13. a3 Qd5 14. b4 g5 15. Bd2 Rad8 16. Nb2 Ne5 17. Re1 Rfe8 18. Nd3 Nxf3+ 19. Bxf3 Qf5 20. Bxe4 Nxe4 21. f3 Nf6 22. Rc4 Bf8 23. b5 Rd5 24. Qc2 g4 25. Kg2 Rxe2+ 26. Rxe2 gxf3+ 27. Kf2 Ng4+ 28. Ke1 fxe2 29. Kxe2 Ne5 30. Bf4 Nxc4 31. Qxc4 Bxc5 32. a4 Bf8 33. Kd2 Rd8 34. Qc7 Qc8 35. Qxc8 Rxc8 36. a5 Rc4 37. Bb8 a6 38. bxa6 bxa6 39. Ne5 Rc5 40. Kd3 Rxa5 0-1

[Event "SRB-ch sf"]
[Site "Zrenjanin"]
[Date "2018.02.17"]
[Round "3"]
[White "Petrusic, Velimir"]
[Black "Ilic, Zoran S"]
[Result "1/2-1/2"]
[WhiteElo "2163"]
[BlackElo "2313"]
[PlyCount "62"]
[EventDate "2018.02.16"]
[EventType "swiss"]
[EventRounds "9"]
[EventCountry "SRB"]
[SourceTitle "CBM 183 Extra"]
[Source "ChessBase"]
[SourceDate "2018.04.19"]
[SourceVersion "1"]
[SourceVersionDate "2018.04.19"]
[SourceQuality "1"]

1. d4 Nf6 2. Nf3 e6 3. Bg5 c5 4. e3 d5 5. Nbd2 Nc6 6. c3 h6 7. Bh4 Bd6 8. Bd3 Qc7 9. 0-0 b6 10. e4 dxe4 11. Nxe4 Nxe4 12. Bxe4 f5 13. Bxc6+ Qxc6 14. Ne5 Bxe5 15. Qh5+ Kf8 16. dxe5 Bb7 17. f3 Qe8 18. Qxe8+ Kxe8 19. Rfd1 g5 20. Bf2 Ke7 21. Rd6 Rad8 22. Rad1 Rxd6 23. Rxd6 Rd8 24. Rxd8 Kxd8 25. Kf1 Bd5 26. b3 Ke7 27. Ke2 Kf7 28. g3 Kg6 29. Ke3 Kf7 30. Be1 Kg6 31. h3 Kf7 1/2-1/2

[Event "Berlin Lichtenrade op 12th"]
[Site "Berlin"]
[Date "2016.10.29"]
[Round "8"]
[White "Inkiov, Ventzislav"]
[Black "Ilic, Zoran S"]
[Result "1-0"]
[WhiteElo "2436"]
[BlackElo "2283"]
[PlyCount "75"]
[EventDate "2016.10.22"]
[EventType "swiss"]
[EventRounds "9"]
[EventCountry "GER"]
[SourceTitle "EXT 2018"]
[Source "ChessBase"]
[SourceDate "2017.10.13"]
[SourceVersion "1"]
[SourceVersionDate "2017.10.13"]
[SourceQuality "1"]

1. d4 Nf6 2. c4 c5 3. d5 g6 4. Nc3 Bg7 5. e4 d6 6. f4 0-0 7. Nf3 e6 8. Be2 exd5 9. exd5 Re8 10. 0-0 Bf5 11. Bd3 Qd7 12. Qc2 Bxd3 13. Qxd3 Na6 14. a3 Nc7 15. Bd2 Rab8 16. b4 b6 17. bxc5 bxc5 18. Rab1 Nh5 19. g3 f5 20. Rxb8 Rxb8 21. Rb1 Rxb1+ 22. Qxb1 Qc8 23. a4 Nf6 24. Nb5 Qb8 25. Qe1 Ne4 26. Ng5 Nxg5 27. fxg5 Be5 28. Bf4 Nxb5 29. axb5 Qc7 30. Kg2 Kf7 31. Bxe5 dxe5 32. Qa1 Qe7 33. h4 Ke8 34. Qa6 e4 35. Qc6+ Kf7 36. d6 Qd8 37. Qxc5 Qb6 38. Qd5+ 1-0

[Event "Berlin Lichtenrade op 12th"]
[Site "Berlin"]
[Date "2016.10.26"]
[Round "5"]
[White "Ilic, Zoran S"]
[Black "Chojnowski, Marcin"]
[Result "1-0"]
[WhiteElo "2283"]
[BlackElo "2012"]
[PlyCount "33"]
[EventDate "2016.10.22"]
[EventType "swiss"]
[EventRounds "9"]
[EventCountry "GER"]
[SourceTitle "EXT 2018"]
[Source "ChessBase"]
[SourceDate "2017.10.13"]
[SourceVersion "1"]
[SourceVersionDate "2017.10.13"]
[SourceQuality "1"]

1. d4 Nf6 2. Nf3 c5 3. d5 b5 4. Bg5 e6 5. e4 Qa5+ 6. Qd2 Qxd2+ 7. Nbxd2 exd5 8. Bxf6 gxf6 9. exd5 Bb7 10. Bxb5 Bxd5 11. 0-0-0 Bh6 12. Rhe1+ Be6 13. Kb1 f5 14. Nb3 0-0 15. Nxc5 Rd8 16. Nxe6 fxe6 17. Rxe6 1-0

[Event "SRB-ch sf"]
[Site "Belgrade"]
[Date "2016.03.29"]
[Round "9"]
[White "Ilic, Zoran S"]
[Black "Andrijevic, Milan"]
[Result "1/2-1/2"]
[WhiteElo "2284"]
[BlackElo "2273"]
[PlyCount "39"]
[EventDate "2016.03.21"]
[EventType "swiss"]
[EventRounds "9"]
[EventCountry "SRB"]
[SourceTitle "CBM 171 Extra"]
[Source "ChessBase"]
[SourceDate "2016.04.26"]
[SourceVersion "1"]
[SourceVersionDate "2016.04.26"]
[SourceQuality "1"]

1. Nf3 Nf6 2. c4 e6 3. d4 d5 4. g3 c5 5. cxd5 exd5 6. Bg2 Nc6 7. 0-0 Be7 8. Nc3 0-0 9. dxc5 Bxc5 10. a3 a6 11. b4 Be7 12. Bb2 Bg4 13. Rc1 Qd7 14. Na4 Rad8 15. Nc5 Bxc5 16. Rxc5 Ne4 17. Rc2 Bh3 18. Qd3 Bxg2 19. Kxg2 Rfe8 20. Rd1 1/2-1/2

[Event "SRB-ch sf"]
[Site "Belgrade"]
[Date "2016.03.24"]
[Round "4"]
[White "Ilic, Aleksandar"]
[Black "Ilic, Zoran S"]
[Result "0-1"]
[WhiteElo "2132"]
[BlackElo "2284"]
[PlyCount "71"]
[EventDate "2016.03.21"]
[EventType "swiss"]
[EventRounds "9"]
[EventCountry "SRB"]
[SourceTitle "CBM 171 Extra"]
[Source "ChessBase"]
[SourceDate "2016.04.26"]
[SourceVersion "1"]
[SourceVersionDate "2016.04.26"]
[SourceQuality "1"]

1. e4 c5 2. Nf3 Nc6 3. d4 cxd4 4. Nxd4 Qb6 5. Nb3 Nf6 6. Nc3 e6 7. Be3 Qc7 8. a3 a6 9. f3 b5 10. Qd3 Be7 11. Be2 0-0 12. Bc5 d6 13. Bf2 Bb7 14. 0-0 Rfd8 15. Qe3 Rac8 16. Qb6 Qb8 17. Na5 Nxa5 18. Qxa5 d5 19. exd5 Nxd5 20. Nxd5 Rxd5 21. Bd3 Rh5 22. h3 Qf4 23. Qb6 Rxh3 24. Rfe1 Qh2+ 25. Kf1 Qh1+ 26. Ke2 Bxf3+ 27. gxf3 Qxf3+ 28. Kd2 Bg5+ 29. Be3 Rh2+ 30. Re2 Rxe2+ 31. Bxe2 Qd5+ 32. Ke1 Qh1+ 33. Bf1 Qe4 34. Kf2 Rxc2+ 35. Be2 Bh4+ 36. Kg1 0-1

[Event "SRB-ch sf"]
[Site "Belgrade"]
[Date "2016.03.22"]
[Round "2"]
[White "Ilic, Zoran S"]
[Black "Miljkovic, Miroslav D"]
[Result "1/2-1/2"]
[WhiteElo "2284"]
[BlackElo "2500"]
[PlyCount "20"]
[EventDate "2016.03.21"]
[EventType "swiss"]
[EventRounds "9"]
[EventCountry "SRB"]
[SourceTitle "CBM 171 Extra"]
[Source "ChessBase"]
[SourceDate "2016.04.26"]
[SourceVersion "1"]
[SourceVersionDate "2016.04.26"]
[SourceQuality "1"]

1. Nf3 Nf6 2. c4 e6 3. g3 d5 4. d4 Bb4+ 5. Bd2 Be7 6. Bg2 0-0 7. Qc2 c6 8. 0-0 Nbd7 9. Rd1 b6 10. Bf4 Bb7 1/2-1/2

[Event "Graz op-A"]
[Site "Graz"]
[Date "2016.02.19"]
[Round "9"]
[White "Ilic, Zoran S"]
[Black "Charaus, Florian"]
[Result "1-0"]
[WhiteElo "2288"]
[BlackElo "2027"]
[PlyCount "57"]
[EventDate "2016.02.12"]
[EventType "swiss"]
[EventRounds "9"]
[EventCountry "AUT"]
[SourceTitle "CBM 170 Extra"]
[Source "ChessBase"]
[SourceDate "2016.02.25"]
[SourceVersion "1"]
[SourceVersionDate "2016.02.25"]
[SourceQuality "1"]

1. d4 Nf6 2. Nf3 g6 3. c4 Bg7 4. g3 c6 5. Bg2 d5 6. 0-0 0-0 7. Qa4 Nfd7 8. cxd5 cxd5 9. Nc3 Nb6 10. Qb3 Nc6 11. Rd1 a5 12. Bf4 Bf5 13. a4 Rc8 14. h3 h5 15. Rac1 Re8 16. Qb5 Ra8 17. Ne5 Nxe5 18. Bxe5 Bd7 19. Qb3 Bxe5 20. dxe5 e6 21. e4 Bc6 22. exd5 exd5 23. Nxd5 Bxa4 24. Qxb6 Bxd1 25. Rxd1 Qxb6 26. Nxb6 Rad8 27. Rd6 Kg7 28. Kf1 f6 29. exf6+ 1-0

[Event "SRB-chT2 East"]
[Site "Vrnjacka Banja"]
[Date "2015.10.10"]
[Round "9.61"]
[White "Ilic, Zoran S"]
[Black "Govedarica, Radovan"]
[Result "1/2-1/2"]
[WhiteElo "2278"]
[BlackElo "2369"]
[PlyCount "21"]
[EventDate "2015.08.28"]
[EventType "team-tourn"]
[EventRounds "11"]
[EventCountry "SRB"]
[SourceTitle "EXT 2022"]
[Source "ChessBase"]
[SourceDate "2021.10.06"]
[SourceVersion "1"]
[SourceVersionDate "2021.10.06"]
[SourceQuality "1"]

1. d4 d5 2. c4 e6 3. Nf3 Nf6 4. Nc3 Be7 5. Bf4 0-0 6. e3 c5 7. dxc5 Bxc5 8. cxd5 Nxd5 9. Nxd5 exd5 10. a3 Nc6 11. Bd3 1/2-1/2

[Event "SRB-chT2 East"]
[Site "Vrnjacka Banja"]
[Date "2015.10.10"]
[Round "10.61"]
[White "Radosavljevic, Slobodan D"]
[Black "Ilic, Zoran S"]
[Result "1/2-1/2"]
[WhiteElo "2174"]
[BlackElo "2278"]
[PlyCount "42"]
[EventDate "2015.08.28"]
[EventType "team-tourn"]
[EventRounds "11"]
[EventCountry "SRB"]
[SourceTitle "EXT 2022"]
[Source "ChessBase"]
[SourceDate "2021.10.06"]
[SourceVersion "1"]
[SourceVersionDate "2021.10.06"]
[SourceQuality "1"]

1. c4 g6 2. g3 Bg7 3. Bg2 d6 4. Nf3 Nf6 5. Nc3 0-0 6. 0-0 e5 7. d3 h6 8. Rb1 Nc6 9. b4 a6 10. a4 Be6 11. b5 axb5 12. axb5 Ne7 13. Qb3 Qd7 14. Ba3 Bh3 15. Rfc1 Bxg2 16. Kxg2 Qe6 17. c5 d5 18. c6 bxc6 19. bxc6 Rfd8 20. Bxe7 Qxe7 21. e4 dxe4 1/2-1/2

[Event "Vienna op"]
[Site "Vienna"]
[Date "2015.08.18"]
[Round "4"]
[White "Ilic, Zoran S"]
[Black "Stanec, Nikolaus"]
[Result "1/2-1/2"]
[WhiteElo "2278"]
[BlackElo "2474"]
[PlyCount "27"]
[EventDate "2015.08.15"]
[EventType "swiss"]
[EventRounds "9"]
[EventCountry "AUT"]
[SourceTitle "EXT 2016"]
[Source "ChessBase"]
[SourceDate "2015.10.08"]
[SourceVersion "1"]
[SourceVersionDate "2015.10.08"]
[SourceQuality "1"]

1. d4 Nf6 2. Nf3 g6 3. c4 Bg7 4. g3 0-0 5. Bg2 d6 6. 0-0 c6 7. Nc3 Bf5 8. Ne1 Qc8 9. e4 Bh3 10. Qe2 Bxg2 11. Kxg2 Nfd7 12. Be3 c5 13. Nc2 Nc6 14. Rfd1 1/2-1/2

[Event "Nis op-A"]
[Site "Nis"]
[Date "2015.04.24"]
[Round "7"]
[White "Ilic, Zoran S"]
[Black "Ivanov, Mikhail M"]
[Result "0-1"]
[WhiteElo "2297"]
[BlackElo "2408"]
[PlyCount "82"]
[EventDate "2015.04.20"]
[EventType "swiss"]
[EventRounds "9"]
[EventCountry "SRB"]
[SourceTitle "CBM 166 Extra"]
[Source "ChessBase"]
[SourceDate "2015.06.18"]
[SourceVersion "1"]
[SourceVersionDate "2015.06.18"]
[SourceQuality "1"]

1. d4 g6 2. Nf3 Bg7 3. c4 c5 4. d5 f5 5. g3 d6 6. Bg2 Nf6 7. Nc3 0-0 8. 0-0 Na6 9. Rb1 Nc7 10. b3 Rb8 11. Bb2 b5 12. Qc2 h6 13. e3 Qe8 14. Nd2 b4 15. Ne2 g5 16. Rfe1 Qh5 17. Rbd1 Ng4 18. h3 Ne5 19. Ba1 f4 20. gxf4 gxf4 21. exf4 Qg6 22. Qxg6 Nxg6 23. Bxg7 Kxg7 24. Ng3 Ne8 25. Re3 Kh8 26. Rde1 Ng7 27. Re4 Bf5 28. R4e3 Rf7 29. Ndf1 Rb6 30. Be4 Bxe4 31. Rxe4 Ra6 32. f5 Nxf5 33. Nxf5 Rxf5 34. Ng3 Rf7 35. R4e2 Ne5 36. Kg2 Nd3 37. Rxe7 Nxe1+ 38. Rxe1 Rxa2 39. Ne4 Re7 40. Re3 a5 41. Kg3 a4 0-1

[Event "Nis op-A"]
[Site "Nis"]
[Date "2015.04.23"]
[Round "6"]
[White "Organdziev, Oliver"]
[Black "Ilic, Zoran S"]
[Result "0-1"]
[WhiteElo "2336"]
[BlackElo "2297"]
[PlyCount "96"]
[EventDate "2015.04.20"]
[EventType "swiss"]
[EventRounds "9"]
[EventCountry "SRB"]
[SourceTitle "CBM 166 Extra"]
[Source "ChessBase"]
[SourceDate "2015.06.18"]
[SourceVersion "1"]
[SourceVersionDate "2015.06.18"]
[SourceQuality "1"]

1. e4 c5 2. Nf3 Nc6 3. Bb5 d6 4. 0-0 Bd7 5. d4 cxd4 6. Nxd4 Nf6 7. Nc3 e6 8. Re1 Be7 9. Nxc6 bxc6 10. Bd3 e5 11. b3 0-0 12. Bb2 Qc7 13. Na4 Rfe8 14. c4 Bf8 15. Rc1 Rad8 16. Qf3 Bc8 17. h3 Qb8 18. Bc3 Re6 19. Ba5 Rde8 20. Bf1 Bb7 21. c5 d5 22. Bd3 g6 23. Qe2 Nxe4 24. Bxe4 dxe4 25. Qxe4 f5 26. Qc4 Qc8 27. Bc3 Ba6 28. Qb4 Qc7 29. Ba1 Bb5 30. Nc3 Bd3 31. Ne2 Bg7 32. Qc3 Be4 33. Rcd1 Bd5 34. Qb2 Qe7 35. Qc1 Bf8 36. b4 a5 37. Nc3 axb4 38. Nxd5 cxd5 39. Rxd5 e4 40. Qb2 Bg7 41. Qxb4 Bxa1 42. Rxa1 f4 43. Rd6 Qf6 44. Re1 e3 45. Rxe6 Rxe6 46. Qb3 exf2+ 47. Kxf2 Qh4+ 48. g3 Qxg3+ 0-1

[Event "Nis op-A"]
[Site "Nis"]
[Date "2015.04.22"]
[Round "4"]
[White "Ilic, Zoran S"]
[Black "Livaja, Mario"]
[Result "1/2-1/2"]
[WhiteElo "2297"]
[BlackElo "2193"]
[PlyCount "103"]
[EventDate "2015.04.20"]
[EventType "swiss"]
[EventRounds "9"]
[EventCountry "SRB"]
[SourceTitle "CBM 166 Extra"]
[Source "ChessBase"]
[SourceDate "2015.06.18"]
[SourceVersion "1"]
[SourceVersionDate "2015.06.18"]
[SourceQuality "1"]

1. d4 Nf6 2. Nf3 g6 3. c4 Bg7 4. g3 0-0 5. Bg2 d6 6. 0-0 Nbd7 7. Nc3 e5 8. e4 exd4 9. Nxd4 Nc5 10. h3 Re8 11. Re1 Bd7 12. Rb1 a5 13. b3 h6 14. Kh2 a4 15. b4 Ne6 16. Nce2 h5 17. f4 h4 18. g4 Nh7 19. Be3 g5 20. Qd2 gxf4 21. Nxf4 Be5 22. Kh1 Nxf4 23. Bxf4 Be6 24. c5 Nf8 25. Nb5 Bd7 26. Nd4 Ng6 27. Bg5 f6 28. Be3 dxc5 29. bxc5 Bc6 30. Rbd1 Qd7 31. Qf2 Rad8 32. Rf1 Rf8 33. Qc2 Bxd4 34. Bxd4 Qe6 35. Be3 Rxd1 36. Rxd1 Re8 37. Rd4 Kg7 38. a3 Re7 39. Qc4 Qe5 40. Qc1 Qg3 41. Qd2 Ne5 42. Bf2 Qxa3 43. Bxh4 Ng6 44. Bf2 Qa1+ 45. Kh2 a3 46. g5 fxg5 47. Rd3 Qe5+ 48. Kh1 Qa1+ 49. Kh2 Qe5+ 50. Kg1 Qa1+ 51. Kh2 Qe5+ 52. Kg1 1/2-1/2

[Event "SRB-chT Central"]
[Site "Kraljevo"]
[Date "2014.09.21"]
[Round "11.5"]
[White "Mladenovic, Stefan"]
[Black "Ilic, Zoran S"]
[Result "1/2-1/2"]
[WhiteElo "2336"]
[BlackElo "2289"]
[PlyCount "20"]
[EventDate "2014.09.13"]
[EventType "team-tourn"]
[EventRounds "11"]
[EventCountry "SRB"]
[SourceTitle "CBM 162 Extra"]
[Source "ChessBase"]
[SourceDate "2014.10.17"]
[SourceVersion "1"]
[SourceVersionDate "2014.10.17"]
[SourceQuality "1"]
[WhiteTeam "Paracin"]
[BlackTeam "Donja Studena"]
[WhiteTeamCountry "SRB"]
[BlackTeamCountry "SRB"]

1. d4 Nf6 2. Nf3 e6 3. c4 c5 4. d5 exd5 5. cxd5 d6 6. Nc3 g6 7. Bf4 a6 8. a4 Bg7 9. h3 Qe7 10. e3 0-0 1/2-1/2

[Event "SRB-chT Central"]
[Site "Kraljevo"]
[Date "2014.09.16"]
[Round "5.2"]
[White "Panic, Nenad"]
[Black "Ilic, Zoran S"]
[Result "1/2-1/2"]
[WhiteElo "2346"]
[BlackElo "2289"]
[PlyCount "23"]
[EventDate "2014.09.13"]
[EventType "team-tourn"]
[EventRounds "11"]
[EventCountry "SRB"]
[SourceTitle "CBM 162 Extra"]
[Source "ChessBase"]
[SourceDate "2014.10.17"]
[SourceVersion "1"]
[SourceVersionDate "2014.10.17"]
[SourceQuality "1"]
[WhiteTeam "Valjevo 2005"]
[BlackTeam "Donja Studena"]
[WhiteTeamCountry "SRB"]
[BlackTeamCountry "SRB"]

1. c4 g6 2. Nc3 Bg7 3. g3 Nf6 4. Bg2 0-0 5. b3 d6 6. Bb2 e5 7. Nf3 c6 8. 0-0 Nbd7 9. Ne1 a5 10. Nc2 Re8 11. e3 Nc5 12. d4 1/2-1/2